00768nam a2200193 a 450000100100000000500170001000800410002704000250006808200160009310000310010924500780014024600870021826000460030530000200035150000630037104900090043495201140044399900170055700001566520200929164117.0100217s1988 dr 001 0 spa d aDO-SdBNPbspacBNPHU axxxxbH557r1 aHernández, Felipe93531713aLa reforma tributaria en la República Dominicana /cFelipe Hernández.14aLa reforma tributaria en la República Dominicana :bhacia un código triburario aSanto Domingo :bEditora Montalvo,c1988. a50 p. ;c21 cm. aIncluye datos biográficos del autor en la contracubierta aBNPD 0010718PDaPDbPDcCTd2010-02-17iLF1l0oxxxx H557rp15665-10r2020-06-25w2020-06-25yLFPDZNo se presta c15217d15217